000
00263nam a2200109Ia 4500
008
190907s9999||||xx |||||||||||||| ||und||
100
_a
Damacek
245
0
_a
Introduction to Discrete Mathematics
260
_a
USA
_b
Education InC
_c
1998
300
_a
690
942
_c
BK
999
_c
6530
_d
6530